| 000 | 00898nas a2200289 4500 | ||
|---|---|---|---|
| 001 | BR2010005256 | ||
| 003 | BR-BrBNA | ||
| 005 | 20231205114332.0 | ||
| 007 | ta | ||
| 008 | 230509b bl.|||p| |||| 00| 00por d | ||
| 040 |
_aBR-BrBNA _bpor _cBiblioteca Nacional de Agricultura |
||
| 041 | _a(Pt) | ||
| 072 | _aF60 | ||
| 100 | 1 | _aCampos, N.V. | |
| 100 | 1 | _aAzevedo, A.A. | |
| 100 | 1 | _aSant'Anna-Santos, B.F. | |
| 245 | 1 | _aAcúmulo e efeitos fitotóxicos do flúor em folhas de boldo-gambá e capim-cidreira utilizadas para chás | |
| 650 | _aCAPIM LIMÃO | ||
| 650 | _aCHÁ | ||
| 650 | _aPLANTA MEDICINAL | ||
| 650 | _aCOMPOSIÇÃO QUÍMICA | ||
| 650 | _aANATOMIA VEGETAL | ||
| 650 | _aFOLHA | ||
| 773 | 0 |
_tPesquisa Agropecuária Brasileira (Brazil) _xISSN 0100-204X _g(Jul 2010), v.45(7) p. 646-653 _wBR2010005256 |
|
| 909 |
_a202311 _bLúcia _c55 _dLúcia Elande |
||
| 942 |
_2AGRIS _n0 _cANA |
||
| 999 |
_c208283 _d208283 |
||